Traité d'éthique = Tahḏīb al-ʼaẖlāq wa taṭhīr al-ʼaʻrāq /

محفوظ في:

المؤلف الرئيسي: Ibn Miskawayh, Aḥmad ibn Muḥammad, -1030 (مؤلف)

مؤلفون آخرون: Arkoun, Mohammed.

التنسيق: كتاب

اللغة: French
Arabic

منشور في: Damas, [Syria] : Institut français de Damas, 1969.

الموضوعات:

الوسوم: إضافة وسم

لا توجد وسوم, كن أول من يضع وسما على هذه التسجيلة!

رقم الطلب: BJ1291 .I2714 1969

LEADER 01231nam a22002897a 4500
001 297
003 OSt
005 20250917125526.0
008 130303s1969 sy 000 0 fre d
010 |a 90212263 
035 |a rdb02740359 
040 |c ARCE Library 
041 1 |a fre  |h ara 
050 4 |a BJ1291 .I2714 1969 
100 1 |a Ibn Miskawayh, Aḥmad ibn Muḥammad,  |d -1030,  |e author 
240 1 0 |a Tahdhīb al-akhlāq wa-taṭhīr al-aʻrāq.  |l French 
245 1 0 |a Traité d'éthique =  |b Tahḏīb al-ʼaẖlāq wa taṭhīr al-ʼaʻrāq /   |c Miskawayh ; traduction française avec introduction et notes par Mohammed Arkoun. 
246 3 1 |a تهذيب الأخلاق و تطهير الأعراق‪‪‪‪‪‪‪‪‪‪‪‪‪‪‪‪‪‪‪‪‪‪‪‪‪ 
264 1 |a Damas, [Syria] :  |b Institut français de Damas,  |c 1969. 
300 |a xxxii, 359 pages ;  |c 24 cm. 
500 |a Translation of : تهذيب الأخلاق و تطهير الأعراق.‪‪‪‪‪‪‪‪‪‪‪‪‪‪‪‪‪‪‪‪‪‪‪‪‪ 
650 0 |a Islamic ethics. 
700 1 |a Arkoun, Mohammed.  |9 25615 
740 0 |a Tahdhīb al-ʼakhlāq wa taṭhīr al-ʼaʻrāq. 
901 |a reviewed 
942 |c BK  |2 lcc 
999 |c 479  |d 479